| 000 | 01452cam a2200409 a 4500 | ||
|---|---|---|---|
| 999 |
_c174680 _d174680 |
||
| 001 | 14917830 | ||
| 003 | Nust | ||
| 005 | 20170207093607.0 | ||
| 008 | 070706s2007 onca b 000 1 eng d | ||
| 010 | _a 2007276919 | ||
| 016 | _a20079009441 | ||
| 020 | _a9788129104878 (pbk.) | ||
| 035 | _a(OCoLC)ocm82772088 | ||
| 040 |
_aNLC _beng _cNLC _dBAKER _dYDXCP _dTXA _dDLC |
||
| 042 | _alccopycat | ||
| 043 | _ae-uk-en | ||
| 050 | 0 | 0 |
_aPR4664 _b.A1 2007 |
| 082 | 0 | 0 |
_a823.8 _bELI |
| 100 | 1 |
_aEliot, George, _d1819-1880. |
|
| 245 | 1 | 4 |
_aThe mill on the Floss / _cGeorge Eliot ; edited by Oliver Lovesey. |
| 260 |
_aPeterborough, Ont. ; _aOrchard Park, NY : _bBroadview Press, _c2006. |
||
| 300 |
_a511 p. : _bill. ; _c22 cm. |
||
| 440 | 0 | _aBroadview editions | |
| 504 | _aIncludes bibliographical references | ||
| 600 | 1 | 0 |
_aEliot, George, _d1819-1880. _tMill on the Floss. |
| 650 | 0 |
_aConflict of generations _vFiction. |
|
| 650 | 0 |
_aBrothers and sisters _vFiction. |
|
| 650 | 0 |
_aLoss (Psychology) _vFiction. |
|
| 650 | 0 |
_aYoung women _vFiction. |
|
| 650 | 0 |
_aWater mills _vFiction. |
|
| 650 | 0 |
_aVendetta _vFiction. |
|
| 651 | 0 |
_aEngland _vFiction. |
|
| 655 | 7 |
_aLove stories. _2gsafd |
|
| 700 | 1 | _aLovesey, Oliver. | |
| 906 |
_a7 _bcbc _ccopycat _d2 _encip _f20 _gy-gencatlg |
||
| 942 |
_2ddc _cBK |
||